Musique des Beatles - Mort Subite - Statistiques

Statistiques générales
  • Ce quiz a été pris 189 fois
  • Le résultat moyen est 8 sur 13
Answers on the Grid
Answers color-coded by a green-red scale on the quiz's grid according to % correct below.
Blackbird
Another Girl
American Girl
Layla
Across the Universe
Helter Skelter
Let's Go
Something
November Rain
Day Tripper
From Me to You
Sun King
Because
Free Bird
Love Me Do
Honey Pie
Aquarius
Drive My Car
If I Fell
More Than a Feeling
 
Statistiques - réponses
Réponse % Correct
Love Me Do
81%
Blackbird
79%
Drive My Car
71%
Day Tripper
70%
Something
69%
Across the Universe
63%
From Me to You
59%
Helter Skelter
58%
If I Fell
48%
Because
46%
Honey Pie
44%
Another Girl
36%
Sun King
34%
Aucun quiz correspondant
Distribution des résultats
% des personnes avec chaque résultat
Percentile par nombre de réponses
Votre historique - résultats
Vous n’avez pas pris ce quiz